[Event "Young Stars of the World 2011"]
[Site "Kirishi RUS"]
[Date "2011.05.18"]
[Round "11.1"]
[White "Styazhkina, Anna"]
[Black "Smirnov, Vladislav"]
[Result "1-0"]
[WhiteElo "2026"]
[BlackElo "1957"]
[PlyCount "47"]
[EventDate "2011.05.07"]
[EventType "tourn"]
[EventRounds "11"]
[EventCountry "RUS"]
[EventCategory "3"]
[Source "lmi"]
[SourceDate "2011.05.07"]

1. e4 d5 2. exd5 Qxd5 3. Nc3 Qa5 4. d4 Nf6 5. Bd2 c6 6. Bc4 Bg4 7. f3 Bf5 8. g4
Bg6 9. f4 e6 10. Qe2 Be7 11. O-O-O h5 12. f5 exf5 13. Nd5 Qd8 14. Nxf6+ gxf6
15. gxf5 Bxf5 16. Re1 Kf8 17. Nf3 Nd7 18. Nh4 Bg4 19. Qf2 Nb6 20. Bb3 Qd7 21.
h3 Be6 22. Bxe6 fxe6 23. Ng6+ Kf7 24. Ne5+ 1-0

[Event "Young Stars of the World 2011"]
[Site "Kirishi RUS"]
[Date "2011.05.18"]
[Round "11.2"]
[White "Goganov, Aleksey"]
[Black "Alekseenko, Kirill"]
[Result "1/2-1/2"]
[WhiteElo "2480"]
[BlackElo "2317"]
[PlyCount "124"]
[EventDate "2011.05.07"]
[EventType "tourn"]
[EventRounds "11"]
[EventCountry "RUS"]
[EventCategory "3"]
[Source "lmi"]
[SourceDate "2011.05.07"]

1. c4 Nf6 2. d4 e6 3. Nc3 Bb4 4. Qc2 O-O 5. a3 Bxc3+ 6. Qxc3 d6 7. f3 c5 8.
dxc5 dxc5 9. Bg5 Nc6 10. e3 h6 11. Bh4 e5 12. Bd3 Qa5 13. Ne2 Be6 14. Bxf6 gxf6
15. Rc1 Rfd8 16. Kf2 Qxc3 17. Rxc3 Rd7 18. Rhc1 Rad8 19. Bc2 Rd2 20. Ke1 Na5
21. b3 Nc6 22. Rd1 Rxd1+ 23. Bxd1 f5 24. Rc1 b6 25. Bc2 a6 26. Nc3 Kf8 27. Rd1
Ke7 28. Rxd8 Kxd8 29. Kd2 Ne7 30. h3 h5 31. h4 f6 32. Ne2 Ng6 33. g3 Kc7 34.
Nc3 Ne7 35. Bd1 Bf7 36. Be2 Kc6 37. f4 e4 38. Nd5 Nxd5 39. cxd5+ Kb7 40. Kc3 b5
41. a4 Be8 42. axb5 axb5 43. b4 c4 44. Kd4 Kb6 45. Bd1 Bf7 46. Be2 Be8 47. Bd1
Bf7 48. d6 Kc6 49. d7 Kxd7 50. Kc5 c3 51. Kd4 Kd6 52. Kxc3 Kc6 53. Kd4 Kd6 54.
Be2 Kc6 55. Kc3 Be8 56. Bd1 Bf7 57. Kd2 Kd6 58. Be2 Kc6 59. Bf1 Be8 60. Bh3 Bd7
61. Kc3 Be6 62. Kd4 Bd7 1/2-1/2

[Event "Young Stars of the World 2011"]
[Site "Kirishi RUS"]
[Date "2011.05.18"]
[Round "11.4"]
[White "Atabayev, Maksat"]
[Black "Atabayev, Yusup"]
[Result "0-1"]
[WhiteElo "2355"]
[BlackElo "2319"]
[PlyCount "90"]
[EventDate "2011.05.07"]
[EventType "tourn"]
[EventRounds "11"]
[EventCountry "RUS"]
[EventCategory "3"]
[Source "lmi"]
[SourceDate "2011.05.07"]

1. Nf3 Nf6 2. g3 d5 3. Bg2 c6 4. O-O Nbd7 5. d4 e6 6. c4 Bd6 7. Nc3 O-O 8. Nd2
dxc4 9. Nxc4 Bc7 10. Bf4 Bxf4 11. gxf4 Nd5 12. e3 Qh4 13. Qf3 b6 14. Rfc1 Ba6
15. Ne4 Rac8 16. Ne5 Nxe5 17. fxe5 Rc7 18. Qg3 Qxg3 19. hxg3 f6 20. Bh3 Kf7 21.
a3 Ke7 22. Nd6 f5 23. b4 Kd7 24. Bg2 Bd3 25. f4 h6 26. Kf2 Rb8 27. Rd1 Bc2 28.
Rd2 Ba4 29. b5 Bxb5 30. Bxd5 exd5 31. Nxf5 Ke6 32. e4 dxe4 33. Ne3 Bd3 34. Rad1
Rd8 35. f5+ Ke7 36. Rxd3 exd3 37. Rxd3 Rcd7 38. Nc2 Rf8 39. g4 h5 40. Kg3 hxg4
41. Kxg4 Rfd8 42. Rh3 c5 43. Rh7 cxd4 44. Rxg7+ Kf8 45. Rxd7 Rxd7 0-1

[Event "Young Stars of the World 2011"]
[Site "Kirishi RUS"]
[Date "2011.05.18"]
[Round "11.5"]
[White "Bajarani, Ulvi"]
[Black "Mammadov, Zaur Fazahir Oglu"]
[Result "1-0"]
[WhiteElo "2437"]
[BlackElo "2351"]
[PlyCount "71"]
[EventDate "2011.05.07"]
[EventType "tourn"]
[EventRounds "11"]
[EventCountry "RUS"]
[EventCategory "3"]
[Source "lmi"]
[SourceDate "2011.05.07"]

1. e4 c6 2. d4 d5 3. exd5 cxd5 4. c4 Nf6 5. Nc3 e6 6. Nf3 Be7 7. cxd5 Nxd5 8.
Bd3 O-O 9. O-O Nc6 10. Re1 Nf6 11. a3 b6 12. Bg5 Bb7 13. Bc2 Ba6 14. Qd2 Qd6
15. Ba4 Rac8 16. Rad1 Nd5 17. Nxd5 Bxg5 18. Qxg5 Qxd5 19. Qxd5 exd5 20. b4 Bc4
21. Bxc6 Rxc6 22. Re7 f6 23. Rxa7 Re8 24. h3 Bb3 25. Rb1 Rc3 26. Nd2 Bc2 27.
Rc1 Re2 28. Nf1 Rb3 29. Ne3 Rb2 30. Nxd5 h5 31. Nf4 Rd2 32. Nxh5 Kh7 33. Nxf6+
Kg6 34. Ng4 Bf5 35. Rc6+ Kh7 36. Nf6+ 1-0

[Event "Young Stars of the World 2011"]
[Site "Kirishi RUS"]
[Date "2011.05.18"]
[Round "11.6"]
[White "Stukopin, Andrey"]
[Black "Usmanov, Vasily"]
[Result "1-0"]
[WhiteElo "2471"]
[BlackElo "2289"]
[PlyCount "61"]
[EventDate "2011.05.07"]
[EventType "tourn"]
[EventRounds "11"]
[EventCountry "RUS"]
[EventCategory "3"]
[Source "lmi"]
[SourceDate "2011.05.07"]

1. e4 c5 2. Nc3 Nc6 3. g3 Rb8 4. f4 g6 5. Bg2 Bg7 6. d3 d6 7. Be3 Qa5 8. Bd2
Qd8 9. Rb1 e6 10. Nf3 Nge7 11. Be3 Nd4 12. O-O O-O 13. Ne2 Nec6 14. c3 Nxf3+
15. Bxf3 f5 16. exf5 gxf5 17. d4 cxd4 18. Nxd4 d5 19. Nxc6 bxc6 20. Bxa7 Ra8
21. Bc5 Rxa2 22. Bxf8 Qb6+ 23. Kh1 Kxf8 24. Qd2 c5 25. g4 d4 26. gxf5 exf5 27.
c4 Be6 28. Rfe1 Bxc4 29. Qc2 Qb5 30. Qxf5+ Kg8 31. Bd5+ 1-0